000 00729nam a2200253Ia 4500
003 OSt
005 20220923225315.0
006 a|||||r|||| 00| 0
007 ta
008 220922b |||||||| |||| 00| 0 san d
024 _a262,581
037 _cTextual
040 _aARTS
_cARTS
_bsan
041 _2san
_asan
082 _aP15,Cx1,1,6, 152L5;M5
100 _aवरदराज
245 0 _aलघु सिद्धान्त कौमुदी
246 _aLaghu siddhānta kaumudī
250 _aसंस्क 7
260 _c1985
650 _aसंस्कृत साहित्य
942 _hP15,Cx1,1,6, 152L5;M5
_cTEXL
_2CC
999 _c377435
_d377435